Т. 334, № 2; Известия Томского политехнического университета [Известия ТПУ]. Инжиниринг георесурсов

Bibliografiske detaljer
Parent link:Известия Томского политехнического университета [Известия ТПУ]. Инжиниринг георесурсов=Bulletin of the Tomsk Polytechnic University. Geo Assets Engineering/ Национальный исследовательский Томский политехнический университет (ТПУ). Т. 334, № 2.— , 2015-
Summary:"Известия Томского политехнического университета. Инжиниринг георесурсов" публикует оригинальные работы, обзорные статьи, очерки и обсуждения, охватывающие последние достижения в области геологии, разведки и добычи полезных ископаемых, технологии транспортировки и глубокой переработки природных ресурсов, энергоэффективного производства и преобразования энергии на основе полезных ископаемых, а также безопасной утилизации геоактивов.
Sprog:russisk
engelsk
Udgivet: 2023
Fag:
Format: MixedMaterials Bog
KOHA link:https://koha.lib.tpu.ru/cgi-bin/koha/opac-detail.pl?biblionumber=378353

MARC

LEADER 00000nam2a2200000 4500
001 378353
005 20231207105249.0
035 |a (RuTPU)RU\TPU\retro\35809 
035 |a RU\TPU\book\379408 
090 |a 378353 
100 |a 20230525d2023 k y0rusy50 ca 
101 0 |a rus  |a eng 
102 |a RU 
105 |a a z 001zy 
200 0 |a Т. 334, № 2 
210 |d 2023 
215 |a 240 с.  |c ил. 
320 |a Библиография в конце статей 
330 |a "Известия Томского политехнического университета. Инжиниринг георесурсов" публикует оригинальные работы, обзорные статьи, очерки и обсуждения, охватывающие последние достижения в области геологии, разведки и добычи полезных ископаемых, технологии транспортировки и глубокой переработки природных ресурсов, энергоэффективного производства и преобразования энергии на основе полезных ископаемых, а также безопасной утилизации геоактивов. 
461 1 |0 (RuTPU)RU\TPU\book\353411  |t Известия Томского политехнического университета [Известия ТПУ]. Инжиниринг георесурсов  |l Bulletin of the Tomsk Polytechnic University. Geo Assets Engineering  |f Национальный исследовательский Томский политехнический университет (ТПУ)  |v Т. 334, № 2  |d 2015-  
606 1 |a Научно-технический потенциал  |2 stltpush  |3 (RuTPU)RU\TPU\subj\45166  |9 64427 
610 1 |a Северная Пацифика 
610 1 |a гидрогенные железомарганцевые корки 
610 1 |a Новосибирская область 
610 1 |a природные воды 
610 1 |a изотопно-концентрационная характеристика 
610 1 |a Приморский край 
610 1 |a млекопитающие 
610 1 |a волосяной покров 
610 1 |a элементы 
610 1 |a двигатели внутреннего сгорания 
610 1 |a парогазовые продукты 
610 1 |a древесина 
610 1 |a пиролиз 
610 1 |a калийные руды 
610 1 |a механизированная добыча 
610 1 |a калийная пыль 
610 1 |a фракционный состав 
610 1 |a газовые инфракрасные излучатели 
610 1 |a энергоэффективность 
610 1 |a нефть 
610 1 |a радиальное бурение 
610 1 |a кислотная обработка 
610 1 |a дебит нефти 
610 1 |a прирост 
610 1 |a геолого-технические мероприятия 
610 1 |a обсадные колонны 
610 1 |a индукционный нагрев 
610 1 |a труды учёных ТПУ 
675 |a 62  |v 4 
801 1 |a RU  |b 63413507  |c 20190305 
801 2 |a RU  |b 63413507  |c 20230613  |g RCR 
942 |c CR